000 00576nam a2200229Ia 4500
003 OSt
005 20221007074825.0
006 a|||||r|||| 00| 0
007 ta
008 221006b |||||||| |||| 00| 0 eng d
024 _a8,889
037 _cTextual
040 _aFLL
_cFLL
_beng
041 _2eng
_aeng
082 _aZ1, N2
100 _aGurdip Singh
245 0 _aInternational law
260 _aNew Delhi
_bAditya Books Private Limited India
_c1992
300 _a497p
_ccm.
942 _hZ1, N2
_cTEXL
_2CC
999 _c1153799
_d1153799